Normal view
MARC view
Entry Personal Name
001 - CONTROL NUMBER
- control field: 8747
003 - CONTROL NUMBER IDENTIFIER
- control field: ARRUPE
005 - DATE AND TIME OF LATEST TRANSACTION
- control field: 20140218171144.0
008 - FIXED-LENGTH DATA ELEMENTS
- fixed length control field: 140218|| aca||aabn | a|a d
040 ## - CATALOGING SOURCE
- Original cataloging agency: ARRUPE
- Transcribing agency: ARRUPE
100 ## - HEADING--PERSONAL NAME
- Personal name: Maxwell, Gavin
670 ## - SOURCE DATA FOUND
- Source citation: Work cat.: (ARRUPE): Maxwell, Gavin, The house of Elrig, 1974